000 00532nam a2200193 a 4500
001 19156
003 CO-ViMGA
008 141112s2004 ck r 000 u spa d
020 _a9681658755
040 _aCO-ViMGA
_bspa
_cCO-ViMGA
082 0 4 _aISOc
100 1 _aIsol,
_927458
245 1 0 _aCosas que pasan
260 _aMexico :
_bFondo de Cultura Ecónomica; 1998
490 _aA la orilla del viento
590 _aForma de adquisición : Premio Mincultura
650 1 4 _aCUENTOS INFANTILES ARGENTINOS
_916313
942 _2ddc
_cBK
999 _c10881
_d10881